| 000 | 00401nam a2200181Ia 4500 | ||
|---|---|---|---|
| 005 | 20240921120705.0 | ||
| 008 | 240921s9999||||xx |||||||||||||| ||und|| | ||
| 041 | _aENGLISH | ||
| 082 | _A526.9 M7 | ||
| 100 | _aPunmia B C | ||
| 245 | 0 | _aSurveying | |
| 250 | _a1oth-Re | ||
| 260 |
_c1987 _bLaxmi,New Delhi |
||
| 500 | _aLevelling | ||
| 650 |
_aSurveying _bCivil |
||
| 942 | _cBK | ||
| 999 |
_c247329 _d247329 |
||